000 00535nam a2200205Ia 4500
003 BUBTL
008 151213s9999 xx 000 0 und d
020 _a901956570
082 _a677MIT
100 _aMiles,Leslie W.C.
_91065
245 _aTextile Printing :
_cLeslie W.C.Miles
250 _a2nd ed.
260 _aU K :
_bSociety Of Dyers and Colourists,
_cc1994.
300 _ax,309 p. :
_c21 cm.
650 _aTextile
650 _aTextile
856 _k0
_l0
_yDownload
942 _2ddc
_cBK
999 _c4103
_d4103